Państwa o najmniejszej liczbie ludności. - Statystyki

Ogólne statystyki
  • Ten quiz został rozwiązany 53 razy
  • Średni wynik to 10 z 16
Statystyki odpowiedzi
Liczba ludności Państwo % Poprawnych
800 Watykan
98%
31000 San Marino
90%
32000 Monako
88%
34000 Liechtenstein
80%
84000 Andora
78%
14000 Nauru
73%
20000 Palau
68%
12000 Tuvalu
68%
86000 Seszele
61%
59000 Wyspy Marshalla
59%
38000 Saint Kitts i Nevis
51%
103000 Kiribati
49%
89000 Grenada
44%
119000 Saint Vincent i Grenadyny
44%
72000 Dominika
41%
85000 Antigua i Barbuda
39%
Nie znaleziono quizów pasujących do podanych kryteriów
Rozkład punktacji
Procent ludzi z każdym wynikiem
Percentyl według liczby udzielonych odpowiedzi
Twoja historia wyników
Nie rozwiązałeś tego quizu